| 000 | 01108cab a2200217 4500 | ||
|---|---|---|---|
| 001 | ABS44697 | ||
| 008 | 090401t1991 xxu||||| |||| 00| 0 eng d | ||
| 035 | _a(Sirsi) u48590 | ||
| 041 | _aeng | ||
| 245 | _aBillson and others v Residential Apartments Ltd | ||
| 260 | _c1991 | ||
| 350 | _a0 | ||
| 490 |
_aEstates Gazette _v(1991) 18 EG 169-183: 19 EG 122-134(11) |
||
| 520 | _aCA 11 February 1991. The tenants had breached their covenant by failing to carry out repairs , and the landlords peaceably re-entered. The lower court had held that there had been a breach, that the notice had been sufficient before re-entry , that the re-entry had constituted such, and that the court had no jurisdiction to grant relief . The final point was the subject of the appeal. Equitable jurisdiction as called for by the tenants was, it was decided, extinguished by legislation. | ||
| 650 | _aBREACH OF COVENANT | ||
| 650 | _aPEACEABLE RE-ENTRY | ||
| 650 | _aBILLSON AND OTHERS V RESIDENTIAL APARTMENTS LTD | ||
| 690 | _aLANDLORD AND TENANT-RESIDENTIAL TENANCIES-CASE LAW | ||
| 942 | _n0 | ||
| 948 | _c04/03/1997 | ||
| 999 |
_c30522 _d30522 |
||